Filosofía de la Religión
Gespeichert in:
| 1. Verfasser: | |
|---|---|
| Format: | Buch |
| Sprache: | Undetermined |
| Veröffentlicht: |
Buenos Aires, Argentina
Emecé Editores
1956
|
| Schlagworte: | |
| Tags: |
Tag hinzufügen
Keine Tags, Fügen Sie den ersten Tag hinzu!
|
MARC
| LEADER | 00000nam a2200000Ia 4500 | ||
|---|---|---|---|
| 008 | 170316s9999 xx 000 0 und d | ||
| 090 | |a 100 S-41f | ||
| 100 | |a Sheen, Fulton J. | ||
| 245 | |a Filosofía de la Religión | ||
| 260 | |a Buenos Aires, Argentina | ||
| 260 | |b Emecé Editores | ||
| 260 | |c 1956 | ||
| 300 | |a 385páginas | ||
| 650 | |a FILOSOFÍA | ||
| 999 | |c 17640 |d 17640 | ||
| 040 | |a cru BVZT | ||
| 942 | |c 15 D |h 100 S-41f |2 z | ||
